[Event "Mecklenburg VP LL2 Ost 2223"]
[Site "Mecklenburg VP"]
[Date "2022.12.11"]
[Round "4.1"]
[White "Springer, Guido"]
[Black "Fromm, Johannes"]
[Result "1-0"]
[WhiteElo "1839"]
[BlackElo "1662"]
[PlyCount "59"]
[EventDate "2022.10.23"]
[EventType "team-tourn"]
[EventRounds "9"]
[EventCountry "GER"]
[SourceTitle "EXT 2024"]
[Source "ChessBase"]
[SourceDate "2023.10.10"]
[SourceVersion "1"]
[SourceVersionDate "2023.10.10"]
[SourceQuality "1"]
[WhiteTeam "Gryps SV"]
[BlackTeam "Greifswald II"]
[WhiteTeamCountry "GER"]
[BlackTeamCountry "GER"]

1. e4 c5 2. Nf3 d6 3. d4 cxd4 4. Nxd4 Nf6 5. Nc3 a6 6. Bc4 g6 7. Bb3 Bg7 8. f3 Bd7 9. Be3 Nc6 10. Qd2 h5 11. 0-0-0 Rc8 12. Kb1 Ne5 13. Rhe1 b5 14. f4 Nc4 15. Bxc4 Rxc4 16. e5 Ng4 17. exd6 Qb6 18. Nf5 Bxc3 19. Bxb6 Bxd2 20. Rxe7+ Kf8 21. Rxd7 gxf5 22. Rd8+ Kg7 23. Rxh8 Rxf4 24. d7 Ne3 25. d8Q Nxd1 26. Rg8+ Kh7 27. Bd4 Nc3+ 28. bxc3 Rf1+ 29. Kb2 Bc1+ 30. Kb3 1-0

[Event "Mecklenburg VP LL2 Ost 2122"]
[Site "Mecklenburg VP"]
[Date "2022.03.06"]
[Round "6.2"]
[White "Fromm, Johannes"]
[Black "Johlke, Lukas"]
[Result "1-0"]
[WhiteElo "1662"]
[BlackElo "1608"]
[PlyCount "59"]
[EventDate "2021.10.24"]
[EventType "team-tourn"]
[EventRounds "9"]
[EventCountry "GER"]
[SourceTitle "EXT 2024"]
[Source "ChessBase"]
[SourceDate "2023.10.10"]
[SourceVersion "1"]
[SourceVersionDate "2023.10.10"]
[SourceQuality "1"]
[WhiteTeam "Greifswald II"]
[BlackTeam "Stralsund HSG II"]
[WhiteTeamCountry "GER"]
[BlackTeamCountry "GER"]

1. Nf3 Nf6 2. g3 d5 3. c4 c6 4. Bg2 Bf5 5. 0-0 Nbd7 6. Nc3 dxc4 7. Re1 Nc5 8. Nh4 Bg6 9. e4 Bh5 10. f3 Nd3 11. Re2 e6 12. Bh3 g5 13. e5 Qd4+ 14. Re3 Nxe5 15. Ng2 Nxf3+ 16. Kh1 g4 17. Ne2 Qb6 18. Ngf4 gxh3 19. Nxh5 Nxh5 20. Rxf3 Bd6 21. b3 cxb3 22. Bb2 Rg8 23. d4 bxa2 24. Rxa2 Qb5 25. Nc3 Qg5 26. Ne4 Qe7 27. Rxf7 Kxf7 28. Qxh5+ Kf8 29. Nxd6 Qxd6 30. Ba3 1-0

[Event "GER-ch U25-B"]
[Site "Willingen"]
[Date "2018.05.26"]
[Round "9"]
[White "Poggemann, Alexander"]
[Black "Fromm, Johannes"]
[Result "0-1"]
[WhiteElo "1595"]
[BlackElo "1700"]
[PlyCount "40"]
[EventDate "2018.05.19"]
[EventType "swiss"]
[EventRounds "9"]
[EventCountry "GER"]
[SourceTitle "CBM 184 Extra"]
[Source "ChessBase"]
[SourceDate "2018.06.28"]
[SourceVersion "1"]
[SourceVersionDate "2018.06.28"]
[SourceQuality "1"]

1. e4 Nc6 2. Nf3 d5 3. exd5 Qxd5 4. Nc3 Qa5 5. Bc4 Bg4 6. d3 e6 7. Bd2 0-0-0 8. 0-0 Qh5 9. h3 Bxf3 10. Qxf3 Qxf3 11. gxf3 Nd4 12. Be3 Nxc2 13. Rac1 Nd4 14. Bxd4 Rxd4 15. Nb5 Rh4 16. Bxe6+ fxe6 17. Rxc7+ Kb8 18. Rfc1 Ne7 19. Rd7 Nc6 20. Nxa7 Ne5 0-1

[Event "GER-ch U25-B"]
[Site "Willingen"]
[Date "2018.05.25"]
[Round "8"]
[White "Fromm, Johannes"]
[Black "Hoppe, Nico"]
[Result "0-1"]
[WhiteElo "1700"]
[BlackElo "1590"]
[PlyCount "58"]
[EventDate "2018.05.19"]
[EventType "swiss"]
[EventRounds "9"]
[EventCountry "GER"]
[SourceTitle "CBM 184 Extra"]
[Source "ChessBase"]
[SourceDate "2018.06.28"]
[SourceVersion "1"]
[SourceVersionDate "2018.06.28"]
[SourceQuality "1"]

1. Nf3 Nf6 2. g3 g6 3. b3 Bg7 4. Bb2 b6 5. Bg2 Bb7 6. 0-0 0-0 7. d4 d5 8. c4 Nbd7 9. cxd5 Nxd5 10. Re1 c5 11. Na3 Rc8 12. Nc4 b5 13. Nce5 N5b6 14. Rc1 Nxe5 15. dxe5 Qc7 16. Ba3 c4 17. Qd4 Rfd8 18. Qh4 e6 19. Bd6 Qc6 20. Kh1 Qe4 21. Qh3 Rd7 22. Rg1 Qxe2 23. Ng5 Bxg2+ 24. Rxg2 h6 25. f4 Qe3 26. Nxe6 Qxc1+ 27. Rg1 Qd2 28. Nxg7 Kxg7 29. Qh4 Rxd6 0-1

[Event "GER-ch U25-B"]
[Site "Willingen"]
[Date "2018.05.24"]
[Round "7"]
[White "Werner, Tom"]
[Black "Fromm, Johannes"]
[Result "1-0"]
[WhiteElo "1629"]
[BlackElo "1700"]
[PlyCount "93"]
[EventDate "2018.05.19"]
[EventType "swiss"]
[EventRounds "9"]
[EventCountry "GER"]
[SourceTitle "CBM 184 Extra"]
[Source "ChessBase"]
[SourceDate "2018.06.28"]
[SourceVersion "1"]
[SourceVersionDate "2018.06.28"]
[SourceQuality "1"]

1. c4 Nf6 2. g3 d5 3. cxd5 Nxd5 4. Nc3 e5 5. d4 Bb4 6. Bd2 exd4 7. Nxd5 Qxd5 8. Nf3 Bd6 9. Bg2 0-0 10. 0-0 Nc6 11. Bc3 Qb5 12. Nxd4 Nxd4 13. Qxd4 Qg5 14. Rad1 Bg4 15. h4 Qg6 16. Be4 Qh6 17. Bxh7+ Qxh7 18. Qxg4 Rae8 19. Rd5 Re4 20. Qf3 Re6 21. Rg5 f6 22. Rg4 b6 23. Qd5 Kf7 24. h5 Ke7 25. e4 Rd8 26. Qf5 Qh8 27. Qg6 Kf8 28. Kg2 Be5 29. Bxe5 Rxe5 30. Rh1 Rd7 31. h6 c5 32. h7 Rf7 33. f4 Re8 34. Kf3 f5 35. Qd6+ Rfe7 36. exf5 Kf7 37. Qd5+ Kf8 38. Rg6 Re3+ 39. Kg4 Ke7 40. Re6+ Rxe6 41. Qxe6+ Kf8 42. Qd7 Re7 43. Qd6 Kf7 44. Qg6+ Kf8 45. Rd1 Re8 46. Rd7 Re2 47. Qf7# 1-0

[Event "GER-ch U25-B"]
[Site "Willingen"]
[Date "2018.05.23"]
[Round "5"]
[White "Wichert, Eddi"]
[Black "Fromm, Johannes"]
[Result "1/2-1/2"]
[WhiteElo "1599"]
[BlackElo "1700"]
[PlyCount "64"]
[EventDate "2018.05.19"]
[EventType "swiss"]
[EventRounds "9"]
[EventCountry "GER"]
[SourceTitle "CBM 184 Extra"]
[Source "ChessBase"]
[SourceDate "2018.06.28"]
[SourceVersion "1"]
[SourceVersionDate "2018.06.28"]
[SourceQuality "1"]

1. e4 c5 2. d4 cxd4 3. c3 dxc3 4. Nxc3 Nc6 5. Nf3 g6 6. Bc4 Bg7 7. e5 Bxe5 8. Bxf7+ Kf8 9. Bxg8 Kxg8 10. Nxe5 Nxe5 11. f4 Nc6 12. 0-0 d6 13. b3 h5 14. Ne4 Bf5 15. Ng5 Kg7 16. Bb2+ e5 17. Qd5 Qf6 18. fxe5 dxe5 19. Ne4 Bxe4 20. Qxe4 Qe6 21. Rad1 Rad8 22. b4 Rhe8 23. b5 Nd4 24. Qxb7+ Rd7 25. Qe4 Qb6 26. Kh1 Qxb5 27. Rf2 Red8 28. Re2 Qd5 29. Qd3 a5 30. a4 Qd6 31. Bc3 Qd5 32. Qe3 Rd6 1/2-1/2

[Event "Rostock SSC op 16th"]
[Site "Rostock"]
[Date "2017.07.28"]
[Round "4"]
[White "Fromm, Johannes"]
[Black "Gazizov, Max"]
[Result "0-1"]
[WhiteElo "1703"]
[BlackElo "1461"]
[PlyCount "64"]
[EventDate "2017.07.26"]
[EventType "swiss"]
[EventRounds "7"]
[EventCountry "GER"]
[SourceTitle "EXT 2018"]
[Source "ChessBase"]
[SourceDate "2017.10.13"]
[SourceVersion "1"]
[SourceVersionDate "2017.10.13"]
[SourceQuality "1"]

1. Nf3 Nf6 2. c4 c5 3. d4 cxd4 4. Nxd4 Nc6 5. Nc3 e6 6. e4 Qc7 7. Be3 Be7 8. Be2 d6 9. Qd2 0-0 10. f3 a6 11. g4 Bd7 12. h4 Rab8 13. h5 Nxd4 14. Bxd4 b5 15. g5 Ne8 16. g6 Bf6 17. gxh7+ Kh8 18. Bxf6 Nxf6 19. 0-0-0 bxc4 20. e5 dxe5 21. Ne4 Ba4 22. Rdg1 Qb7 23. Bxc4 Nxe4 24. fxe4 Rfc8 25. h6 Rxc4+ 26. Kb1 g6 27. b3 Bxb3 28. Qf2 Bc2+ 29. Kc1 Bxe4+ 30. Kd1 Qb1+ 31. Ke2 Qd3+ 32. Ke1 Rb1# 0-1

[Event "GER-ch U25-A"]
[Site "Willingen"]
[Date "2017.06.10"]
[Round "9"]
[White "Fromm, Johannes"]
[Black "Lilienthal, Niels Bennett"]
[Result "1-0"]
[WhiteElo "1688"]
[BlackElo "1472"]
[PlyCount "117"]
[EventDate "2017.06.04"]
[EventType "swiss"]
[EventRounds "9"]
[EventCountry "GER"]
[SourceTitle "CBM 178 Extra"]
[Source "ChessBase"]
[SourceDate "2017.06.22"]
[SourceVersion "1"]
[SourceVersionDate "2017.06.22"]
[SourceQuality "1"]

1. Nf3 Nf6 2. b3 g6 3. Bb2 Bg7 4. g3 0-0 5. Bg2 d6 6. d4 Nbd7 7. 0-0 c5 8. c3 Rb8 9. Re1 b6 10. e4 e6 11. Na3 a6 12. Nc4 d5 13. exd5 Nxd5 14. Nd6 Qc7 15. Nxc8 Rbxc8 16. Rc1 cxd4 17. Nxd4 N5f6 18. Nc6 Nc5 19. Qc2 Nd5 20. Nd4 Rfd8 21. b4 Nb7 22. Qe2 a5 23. Nxe6 fxe6 24. Qxe6+ Qf7 25. Bxd5 Rxd5 26. Qxc8+ Rd8 27. Qe6 Rd2 28. Qxf7+ Kxf7 29. Ba1 Rxa2 30. bxa5 Nxa5 31. Rb1 Nc4 32. Rb4 Na3 33. Rb2 Rxa1 34. Rxa1 Bxc3 35. Rxa3 Bxb2 36. Ra7+ Kg8 37. Rb7 Bd4 38. Kg2 h5 39. f3 Kf8 40. g4 h4 41. f4 Be3 42. Kf3 Bc5 43. h3 Be7 44. Rxb6 Kf7 45. Rb7 Ke6 46. Ke4 Bd6 47. Rb6 Ke7 48. Rb7+ Ke6 49. Rh7 g5 50. Rh6+ Ke7 51. Rxd6 Kxd6 52. fxg5 Ke6 53. Kf4 Kf7 54. Kf5 Kg7 55. g6 Kf8 56. Kg5 Kg7 57. Kh5 Kg8 58. Kxh4 Kg7 59. Kg5 1-0

[Event "Mecklenburg VP-ch Youth"]
[Site "Malchow"]
[Date "2017.02.12"]
[Round "4.5"]
[White "Braeutigam, Pascal"]
[Black "Fromm, Johannes"]
[Result "0-1"]
[WhiteElo "1404"]
[BlackElo "1636"]
[PlyCount "120"]
[EventDate "2017.02.08"]
[EventType "swiss"]
[EventRounds "7"]
[EventCountry "GER"]
[SourceTitle "EXT 2022"]
[Source "ChessBase"]
[SourceDate "2021.10.06"]
[SourceVersion "1"]
[SourceVersionDate "2021.10.06"]
[SourceQuality "1"]

1. c4 Nf6 2. Nc3 g6 3. d4 d5 4. cxd5 Nxd5 5. e4 Nxc3 6. bxc3 Bg7 7. Bc4 c5 8. Ne2 Nc6 9. Be3 0-0 10. 0-0 Qa5 11. Qb3 a6 12. a4 Qc7 13. Qa2 b6 14. Rfd1 Bb7 15. Rab1 Na5 16. Bd5 Bxd5 17. Qxd5 c4 18. Bf4 e5 19. Bxe5 Bxe5 20. Qxe5 Qxe5 21. dxe5 Rfd8 22. Nd4 Nb3 23. Kf1 Nc5 24. Rb4 Nd3 25. Rxb6 Nxe5 26. Ke2 Nd3 27. Ke3 Nc5 28. Rb4 Nd3 29. Rb7 Re8 30. Rc7 f5 31. f3 fxe4 32. fxe4 Re5 33. Nf3 Ra5 34. Ra1 Nc5 35. Kd4 Nb3+ 36. Kxc4 Nxa1 37. e5 Rxa4+ 38. Kd5 Rf4 39. Ng5 h6 40. Nh7 Rf7 41. Nf6+ Kg7 42. Rc6 Nc2 43. Ne4 Ne3+ 44. Kc5 Re7 45. Kd4 Nf5+ 46. Kd5 Rd8+ 47. Nd6 Kf8 48. Rxa6 Rc7 49. Ke6 Nxd6 50. exd6 Rxc3 51. Kf6 Rd3 52. Ke6 Re3+ 53. Kf6 Re2 54. Rc6 Ke8 55. Kxg6 Rxg2+ 56. Kxh6 Rxh2+ 57. Kg5 Rd2 58. Kf4 R2xd6 59. Rc2 Ke7 60. Rc7+ Kf6 0-1

[Event "Rostock SSC 07 op 15th"]
[Site "Rostock"]
[Date "2016.07.29"]
[Round "5"]
[White "Patrias, Joachim"]
[Black "Fromm, Johannes"]
[Result "0-1"]
[WhiteElo "1812"]
[BlackElo "1597"]
[PlyCount "54"]
[EventDate "2016.07.27"]
[EventType "swiss"]
[EventRounds "7"]
[EventCountry "GER"]
[SourceTitle "EXT 2017"]
[Source "ChessBase"]
[SourceDate "2016.10.25"]
[SourceVersion "1"]
[SourceVersionDate "2016.10.25"]
[SourceQuality "1"]

1. e4 c5 2. Nf3 d6 3. d4 cxd4 4. Nxd4 Nf6 5. Nc3 a6 6. a4 g6 7. Be2 Bg7 8. Be3 Nc6 9. f4 0-0 10. Qd2 Ng4 11. Bg1 e5 12. Nxc6 bxc6 13. Nd1 exf4 14. Qxf4 Bh6 15. Qg3 f5 16. Qb3+ d5 17. h3 Nf6 18. exd5 Nxd5 19. Bf2 Qe7 20. Nc3 Be6 21. Qa3 Qg5 22. 0-0 Nf4 23. g3 Nxh3+ 24. Kh2 Nxf2 25. Rxf2 f4 26. gxf4 Rxf4 27. Bf1 Rh4+ 0-1

[Event "Rostock SSC 07 op 15th"]
[Site "Rostock"]
[Date "2016.07.28"]
[Round "3"]
[White "Mueggenburg, Rolf"]
[Black "Fromm, Johannes"]
[Result "0-1"]
[WhiteElo "1755"]
[BlackElo "1597"]
[PlyCount "120"]
[EventDate "2016.07.27"]
[EventType "swiss"]
[EventRounds "7"]
[EventCountry "GER"]
[SourceTitle "EXT 2017"]
[Source "ChessBase"]
[SourceDate "2016.10.25"]
[SourceVersion "1"]
[SourceVersionDate "2016.10.25"]
[SourceQuality "1"]

1. d4 Nf6 2. Nf3 g6 3. g3 Bg7 4. Bg2 d5 5. 0-0 c6 6. c3 Bf5 7. Qb3 Qc8 8. Bf4 Nbd7 9. Nbd2 h6 10. Rac1 g5 11. Be5 Nxe5 12. Nxe5 0-0 13. c4 e6 14. f3 Nd7 15. f4 Nxe5 16. fxe5 Qd7 17. cxd5 cxd5 18. Rc3 Rac8 19. Rfc1 b6 20. Rxc8 Rxc8 21. Rxc8+ Qxc8 22. Qd1 f6 23. e4 dxe4 24. Nxe4 fxe5 25. Nd6 Qd7 26. Nxf5 exf5 27. Qb3+ Kf8 28. Qb4+ Qe7 29. Qc4 Qd7 30. d5 e4 31. b3 Ke7 32. g4 e3 33. gxf5 Qxf5 34. Qe4+ Qxe4 35. Bxe4 Kd6 36. Bf3 Be5 37. h3 Kc5 38. Kf1 Kb4 39. Ke2 Bf4 40. d6 Bxd6 41. Kxe3 Ka3 42. Bd5 Kxa2 43. Kd3 Ka3 44. Bf7 h5 45. Kc4 g4 46. hxg4 hxg4 47. Kb5 g3 48. Bd5 Bb8 49. Kc4 a5 50. Kc3 b5 51. Bg2 Be5+ 52. Kc2 a4 53. bxa4 Kxa4 54. Bc6 Ka3 55. Kb1 b4 56. Bd5 b3 57. Bc6 b2 58. Bd5 Kb4 59. Be4 Kc3 60. Bg2 Kd2 0-1

[Event "Mecklenburg VP Cup"]
[Site "Greifswald"]
[Date "2016.06.12"]
[Round "5.7"]
[White "Fromm, Johannes"]
[Black "Ivanov, Sergey5555"]
[Result "1/2-1/2"]
[WhiteElo "1599"]
[BlackElo "1805"]
[PlyCount "53"]
[EventDate "2016.06.10"]
[EventType "swiss"]
[EventRounds "5"]
[EventCountry "GER"]
[SourceTitle "EXT 2024"]
[Source "ChessBase"]
[SourceDate "2023.10.10"]
[SourceVersion "1"]
[SourceVersionDate "2023.10.10"]
[SourceQuality "1"]

1. Nf3 f5 2. d4 Nf6 3. g3 e6 4. Bg2 d5 5. 0-0 Bd6 6. c4 0-0 7. Nc3 c6 8. Nd2 f4 9. e4 fxe3 10. fxe3 e5 11. cxd5 exd4 12. exd4 c5 13. Nde4 cxd4 14. Nxd6 dxc3 15. Nxc8 Qxc8 16. Qb3 Qc5+ 17. Kh1 Nbd7 18. Bf4 cxb2 19. d6+ Kh8 20. Qxb2 Rab8 21. Rf3 b6 22. Rc1 Qh5 23. Rc7 Rbd8 24. Rd3 Nc5 25. Rd5 Qe8 26. Re5 Qa4 27. Qd2 1/2-1/2

[Event "Mecklenburg VP-ch MT"]
[Site "Greifswald"]
[Date "2016.04.30"]
[Round "6.9"]
[White "Fromm, Johannes"]
[Black "Kriese, Ralf"]
[Result "1/2-1/2"]
[WhiteElo "1467"]
[BlackElo "1754"]
[PlyCount "45"]
[EventDate "2016.04.28"]
[EventType "swiss"]
[EventRounds "7"]
[EventCountry "GER"]
[SourceTitle "EXT 2023"]
[Source "ChessBase"]
[SourceDate "2022.10.05"]
[SourceVersion "1"]
[SourceVersionDate "2022.10.05"]
[SourceQuality "1"]

1. Nf3 d5 2. c4 e6 3. g3 Nf6 4. Bg2 c6 5. 0-0 Qc7 6. d3 Bd6 7. Qc2 Nbd7 8. Nbd2 b6 9. b3 Bb7 10. Bb2 0-0 11. Rac1 c5 12. Rfe1 d4 13. e3 e5 14. Re2 a5 15. Nf1 Bc6 16. a4 e4 17. Nh4 exd3 18. Qxd3 Bxg2 19. Kxg2 dxe3 20. Nxe3 Be5 21. Nd5 Nxd5 22. Bxe5 Nxe5 23. Qxd5 1/2-1/2

[Event "Mecklenburg VP U18"]
[Site "Malchow"]
[Date "2016.02.02"]
[Round "5.3"]
[White "Wichert, Till"]
[Black "Fromm, Johannes"]
[Result "1/2-1/2"]
[WhiteElo "1599"]
[BlackElo "1467"]
[PlyCount "39"]
[EventDate "2016.02.02"]
[EventType "swiss"]
[EventRounds "7"]
[EventCountry "GER"]
[SourceTitle "EXT 2024"]
[Source "ChessBase"]
[SourceDate "2023.10.10"]
[SourceVersion "1"]
[SourceVersionDate "2023.10.10"]
[SourceQuality "1"]

1. c4 Nf6 2. g3 d5 3. Bg2 c5 4. Nf3 Nc6 5. 0-0 e5 6. cxd5 Nxd5 7. Nc3 Be6 8. d3 Be7 9. Bd2 0-0 10. Rc1 b6 11. a3 Rc8 12. Ne1 Qd7 13. Nc2 f6 14. Re1 Rfd8 15. Ne3 Nxe3 16. Bxe3 Nd4 17. Bxd4 cxd4 18. Ne4 Rxc1 19. Qxc1 Rc8 20. Qb1 1/2-1/2

[Event "Rostock SSC op 14th"]
[Site "Rostock"]
[Date "2015.07.31"]
[Round "4.36"]
[White "Fromm, Johannes"]
[Black "Ehrich, Dieter"]
[Result "0-1"]
[WhiteElo "1470"]
[BlackElo "1683"]
[PlyCount "66"]
[EventDate "2015.07.29"]
[EventType "swiss"]
[EventRounds "7"]
[EventCountry "GER"]
[SourceTitle "EXT 2019"]
[Source "ChessBase"]
[SourceDate "2018.10.10"]
[SourceVersion "1"]
[SourceVersionDate "2018.10.10"]
[SourceQuality "1"]

1. e4 c5 2. Nf3 d6 3. d4 cxd4 4. Nxd4 Nf6 5. Nc3 g6 6. Be3 Bg7 7. Qd2 0-0 8. Bc4 Nc6 9. 0-0 Ng4 10. Nxc6 bxc6 11. Rad1 Qc7 12. f4 Nxe3 13. Qxe3 Qb6 14. Rd3 Qxe3+ 15. Rxe3 Bd4 16. Rfe1 Rb8 17. b3 Bxe3+ 18. Rxe3 e6 19. Rg3 d5 20. exd5 cxd5 21. Bd3 a6 22. Ne2 Bb7 23. Nd4 Rfe8 24. f5 e5 25. fxg6 fxg6 26. Nf5 e4 27. Be2 Kh8 28. Nd6 Rf8 29. Nxb7 Rxb7 30. a4 Rc7 31. c3 d4 32. cxd4 Rc1+ 33. Bf1 Rfxf1# 0-1

[Event "Rostock SSC op 14th"]
[Site "Rostock"]
[Date "2015.07.31"]
[Round "5.36"]
[White "Jaehn, Janis"]
[Black "Fromm, Johannes"]
[Result "1/2-1/2"]
[WhiteElo "1747"]
[BlackElo "1470"]
[PlyCount "43"]
[EventDate "2015.07.29"]
[EventType "swiss"]
[EventRounds "7"]
[EventCountry "GER"]
[SourceTitle "EXT 2019"]
[Source "ChessBase"]
[SourceDate "2018.10.10"]
[SourceVersion "1"]
[SourceVersionDate "2018.10.10"]
[SourceQuality "1"]

1. c4 Nf6 2. Nf3 c5 3. g3 Nc6 4. Bg2 g6 5. b3 Bg7 6. Bb2 d6 7. 0-0 0-0 8. e3 Be6 9. d4 cxd4 10. exd4 d5 11. Na3 Qd7 12. Re1 Bg4 13. Qd3 e6 14. Ne5 Nxe5 15. dxe5 Bf5 16. Qd2 dxc4 17. Qxd7 Nxd7 18. Nxc4 Rab8 19. Nd6 b5 20. Rac1 Rfd8 21. f4 f6 22. exf6 1/2-1/2

[Event "GER-ch U25 op-B"]
[Site "Willingen"]
[Date "2015.05.28"]
[Round "7"]
[White "Grunert, Friedrich"]
[Black "Fromm, Johannes"]
[Result "1-0"]
[WhiteElo "1403"]
[BlackElo "1308"]
[PlyCount "97"]
[EventDate "2015.05.24"]
[EventType "swiss"]
[EventRounds "9"]
[EventCountry "GER"]
[SourceTitle "CBM 166 Extra"]
[Source "ChessBase"]
[SourceDate "2015.06.18"]
[SourceVersion "1"]
[SourceVersionDate "2015.06.18"]
[SourceQuality "1"]

1. e4 e5 2. Nf3 Nf6 3. Nxe5 d6 4. Nf3 Nxe4 5. Nc3 Nxc3 6. dxc3 Be7 7. Bd3 Nd7 8. Bf4 Nf6 9. Qd2 Be6 10. a3 h6 11. 0-0-0 Qd7 12. Kb1 0-0-0 13. Nd4 g5 14. Nxe6 fxe6 15. Be3 Nd5 16. Bxa7 c5 17. c4 Nf4 18. g3 Nxd3 19. cxd3 Rdf8 20. Rhf1 Qc6 21. d4 Qa6 22. dxc5 Qxa7 23. cxd6 Rd8 24. Qe2 Bxd6 25. Qxe6+ Kc7 26. Rd5 Qa6 27. Rfd1 Qb6 28. Rxd6 Qxd6 29. Rxd6 Rxd6 30. Qe5 Rhd8 31. c5 Kc6 32. cxd6 Rxd6 33. f4 gxf4 34. gxf4 Rd1+ 35. Ka2 Rd5 36. Qe6+ Rd6 37. Qf7 Rd2 38. f5 Rxh2 39. f6 Kb6 40. Qe8 Ka7 41. f7 h5 42. f8Q Rxb2+ 43. Kxb2 h4 44. Qc5+ b6 45. Qd7+ Ka6 46. Qdc8+ Ka7 47. Q8c7+ Ka8 48. Q5xb6 h3 49. Qcb8# 1-0

[Event "GER-ch U25 op-B"]
[Site "Willingen"]
[Date "2015.05.26"]
[Round "5"]
[White "Wachinger, Nikolas"]
[Black "Fromm, Johannes"]
[Result "1-0"]
[WhiteElo "1299"]
[BlackElo "1308"]
[PlyCount "55"]
[EventDate "2015.05.24"]
[EventType "swiss"]
[EventRounds "9"]
[EventCountry "GER"]
[SourceTitle "CBM 166 Extra"]
[Source "ChessBase"]
[SourceDate "2015.06.18"]
[SourceVersion "1"]
[SourceVersionDate "2015.06.18"]
[SourceQuality "1"]

1. e4 d6 2. d4 Nf6 3. Nc3 g6 4. f4 Bg7 5. Nf3 0-0 6. e5 dxe5 7. fxe5 Nd5 8. Bc4 Nxc3 9. bxc3 Kh8 10. 0-0 f6 11. e6 a5 12. Re1 Na6 13. Bd3 c6 14. Nh4 f5 15. Nf3 Bf6 16. Bg5 Nc7 17. Bxf6+ Rxf6 18. Qd2 Kg7 19. a4 Bxe6 20. Rab1 Rb8 21. c4 b6 22. Ne5 Qxd4+ 23. Kh1 Qc5 24. Qf4 Rd8 25. Nxg6 Rxg6 26. Qxc7 Qf2 27. Re2 Rd7 28. Qe5+ 1-0

[Event "GER-ch U25 op-B"]
[Site "Willingen"]
[Date "2015.05.24"]
[Round "2"]
[White "Petri, Ben Luca"]
[Black "Fromm, Johannes"]
[Result "0-1"]
[WhiteElo "1555"]
[BlackElo "1308"]
[PlyCount "70"]
[EventDate "2015.05.24"]
[EventType "swiss"]
[EventRounds "9"]
[EventCountry "GER"]
[SourceTitle "CBM 166 Extra"]
[Source "ChessBase"]
[SourceDate "2015.06.18"]
[SourceVersion "1"]
[SourceVersionDate "2015.06.18"]
[SourceQuality "1"]

1. e4 d6 2. d4 Nf6 3. Nc3 g6 4. f4 Bg7 5. Nf3 0-0 6. e5 dxe5 7. fxe5 Nd5 8. Bd3 e6 9. 0-0 Ne7 10. Bg5 h6 11. Bh4 g5 12. Bf2 Ng6 13. Bxg6 fxg6 14. Qd3 Kh7 15. Ne4 b6 16. Be3 Qe8 17. h3 Ba6 18. c4 b5 19. b3 bxc4 20. bxc4 Nd7 21. Rac1 c5 22. Nd6 Qb8 23. Qa3 Bc8 24. Rb1 Qc7 25. Rfd1 a5 26. Rb5 Qc6 27. d5 exd5 28. cxd5 Qa6 29. Qb2 Rxf3 30. gxf3 Bxe5 31. Qc2 Bxd6 32. Rb2 Ne5 33. Bxc5 Bf5 34. Qc3 Rc8 35. Rb6 Qxb6 0-1

[Event "Mecklenburg VP-ch op"]
[Site "Greifswald"]
[Date "2015.05.02"]
[Round "5.8"]
[White "Fromm, Johannes"]
[Black "Moeller, Peter1111"]
[Result "1/2-1/2"]
[WhiteElo "1454"]
[BlackElo "1735"]
[PlyCount "118"]
[EventDate "2015.04.30"]
[EventType "swiss"]
[EventRounds "7"]
[EventCountry "GER"]
[SourceTitle "EXT 2023"]
[Source "ChessBase"]
[SourceDate "2022.10.05"]
[SourceVersion "1"]
[SourceVersionDate "2022.10.05"]
[SourceQuality "1"]

1. e4 d5 2. exd5 Qxd5 3. Nc3 Qa5 4. Nf3 Bg4 5. d4 c6 6. h3 Bxf3 7. Qxf3 Nf6 8. Bd2 Nbd7 9. 0-0-0 e6 10. Kb1 Bb4 11. a3 Bxc3 12. Bxc3 Qc7 13. g4 Nd5 14. Bg2 Nxc3+ 15. Qxc3 0-0-0 16. d5 cxd5 17. Qxg7 Nb6 18. Qf6 Rdf8 19. f4 Nd7 20. Qd4 Kb8 21. Rd3 Rc8 22. Rc3 Qd8 23. Rxc8+ Qxc8 24. Rd1 Nb6 25. Qe5+ Ka8 26. b3 Nd7 27. Qg7 Qf8 28. Qxf8+ Rxf8 29. f5 Kb8 30. c4 Kc7 31. cxd5 e5 32. Kc2 Kd6 33. Kc3 Rc8+ 34. Kd3 Nc5+ 35. Kc2 f6 36. b4 Ne6+ 37. Kb2 Nf4 38. Bf1 h6 39. Kb3 a6 40. Kb2 b5 41. Kb3 Rc7 42. Kb2 Rd7 43. Kb3 Ke7 44. a4 bxa4+ 45. Kxa4 Nxd5 46. Ka5 Nc7 47. Rxd7+ Kxd7 48. Bxa6 Nxa6 49. Kxa6 e4 50. b5 e3 51. b6 e2 52. b7 e1Q 53. b8Q Qa1+ 54. Kb7 Qb2+ 55. Ka7 Qa3+ 56. Kb7 Qb4+ 57. Ka7 Qa5+ 58. Kb7 Qb5+ 59. Ka7 Qa5+ 1/2-1/2